A narrative approach to study teachers and HIV and AIDS teaching /

This case study is based on my PhD study which explored how teachers' subjectivities and emotions are intricately linked to their HIV and AIDS teaching. I embarked on a qualitative, narrative study of five teachers to elicit teachers' stories and co-construct narratives. Teachers were purp...

Full description

Bibliographic Details
Main Author: Naidoo, Jaqueline (Author)
Format: eBook
Language:English
Published: London : SAGE Publications Ltd, 2018.
Series:SAGE Research Methods. Cases.
Subjects:
Online Access:Connect to the full text of this electronic book

MARC

Tag First Indicator Second Indicator Subfields
LEADER 00000cam a2200000Mi 4500
001 in00005492421
006 m o d
007 cr |||||||||||
008 180104s2018 enka fob 001 0 eng d
005 20240923170044.9
035 |a (OCoLC)on1023827930 
040 |a SGPBL  |b eng  |e rda  |e pn  |c SGPBL  |d OCLCO  |d OCLCF  |d AGL  |d OCLCO  |d OCLCQ  |d OCLCO  |d OCLCL 
020 |a 9781526436825  |q (ebook) 
020 |a 1526436825 
035 |a (OCoLC)1023827930 
043 |a f-sa--- 
050 4 |a RA643.86.S62  |b N35 2018 
070 0 |a RA643.86.S62  |b N35 2018 
082 0 4 |a 362.19697920096  |2 23 
049 |a TXAM 
100 1 |a Naidoo, Jaqueline,  |e author. 
245 1 2 |a A narrative approach to study teachers and HIV and AIDS teaching /  |c Jaqueline Naidoo. 
264 1 |a London :  |b SAGE Publications Ltd,  |c 2018. 
300 |a 1 online resource :  |b illustrations. 
336 |a text  |b txt  |2 rdacontent 
337 |a computer  |b c  |2 rdamedia 
338 |a online resource  |b cr  |2 rdacarrier 
490 1 |a SAGE Research Methods. Cases 
504 |a Includes bibliographical references and index. 
520 8 |a This case study is based on my PhD study which explored how teachers' subjectivities and emotions are intricately linked to their HIV and AIDS teaching. I embarked on a qualitative, narrative study of five teachers to elicit teachers' stories and co-construct narratives. Teachers were purposively selected from three primary schools in a Midlands town in the province of KwaZulu-Natal, South Africa. The broad question this study aimed to address is as follows: How do teachers' subjectivities and emotions influence their teaching about HIV and AIDS education? Subjectivity embraces our sense of self; our thoughts, feelings, and emotions; and how we relate to our social world. This case study describes a narrative approach and highlights the steps in conducting narrative research. It also draws attention to the ethical challenges and power dynamics associated with narrative research. In addition, the case sheds light on some of the advantages and limitations of conducting narrative research. Therefore, this case study establishes narrative as a creative and innovative approach which enables teachers to not only make meaning of their life experiences and identities but also their emotions in their HIV and AIDS teaching. Engaging in narrative research, therefore, affords teachers opportunities to draw on narrative resources and critically reflect on who they are as teachers, that is, their identities as well as their teaching practice. A key finding of this study is that teachers constituted multiple, dynamic, and conflicting subjectivities when teaching about HIV and AIDS. A further insight is that teaching about HIV and AIDS is an emotional practice as teachers experienced both positive and negative emotions. An argument is made to locate narrative at the heart of researching sensitive, emotional topics such as HIV and AIDS education. 
588 |a Description based on XML content. 
650 0 |a AIDS (Disease)  |z South Africa  |z KwaZulu-Natal  |x Prevention. 
650 0 |a Teachers  |z South Africa  |z KwaZulu-Natal. 
650 6 |a Sida  |z Afrique du Sud  |z KwaZulu-Natal  |x Prévention. 
650 6 |a Enseignants  |z Afrique du Sud  |z KwaZulu-Natal. 
650 7 |a AIDS (Disease)  |x Prevention  |2 fast 
650 7 |a Teachers  |2 fast 
651 7 |a South Africa  |z KwaZulu-Natal  |2 fast  |1 https://id.oclc.org/worldcat/entity/E39QbtfRqd6BmddPygMtWCXRTB 
830 0 |a SAGE Research Methods.  |p Cases. 
856 4 0 |u http://proxy.library.tamu.edu/login?url=https://methods.sagepub.com/case/a-narrative-approach-to-study-teachers-hiv-and-aids-teaching  |z Connect to the full text of this electronic book  |t 0 
955 |a SAGE eBooks 
955 |a SAGE Research Methods Cases 2 
994 |a 92  |b TXA 
999 f f |s 796c0071-3b92-4115-93a4-8d2ed373678f  |i 383d0de7-04a8-4ccc-84dd-f975c89a4432  |t 0 
952 f f |a Texas A&M University  |b College Station  |c Electronic Resources  |d Available Online  |t 0  |e RA643.86.S62 N35 2018  |h Library of Congress classification 
998 f f |a RA643.86.S62 N35 2018  |t 0  |l Available Online